[Event "2nd Sharjah Masters 2018"]
[Site "Sharjah"]
[Date "2018.04.12"]
[Round "1"]
[White "Wang, Hao"]
[Black "Nyazi, Nehad"]
[Result "1-0"]
[WhiteElo "2707"]
[BlackElo "2213"]
[Annotator "TA"]
[PlyCount "60"]
[EventDate "2018.??.??"]
[EventType "swiss"]
[EventCountry "UAE"]
[SourceTitle "playchess.com"]
[Source "ChessBase"]
[SourceQuality "1"]

{[%evp 22,60,19,19,16,0,0,0,0,0,0,0,16,26,127,107,116,93,92,36,54,75,78,54,86,54,117,116,113,124,477,272,29977,29978,29978,29979,29979,29980,29966,6279,2532]} 1. e4 c6 {[%cal Bc7c6,Bc6c5][%mdl 32]} 2. d4 d5 3. e5 Bf5 4. Nf3 e6 5. Be2 c5 6. Be3 Qb6 7. Nc3 {[%cal Bb1c3,Bc3a4,Ba4c5][%mdl 32]} Nc6 8. Na4 {B12: Caro-Kann: Advance Variation} Qa5+ 9. c3 cxd4 10. Nxd4 Nxd4 11. Bxd4 Ne7 12. Nc5 {LiveBook: 4 Games} Nc6 $146 ({Predecessor:} 12... Qc7 13. g4 Bg6 14. f4 Nc6 15. O-O Nxd4 16. cxd4 Bxc5 {½-½ (55) Vachier Lagrave,M (2765)-So,W (2788) Shamkir 2015}) 13. Nxb7 Qc7 $1 {[%csl LRb7,LRe5]} 14. Nc5 Nxd4 15. cxd4 Bxc5 16. Qa4+ Kd8 {Strongly threatening ...Be7.} 17. dxc5 Ke7 (17... Qxe5 $11 {remains equal.} 18. Qa6 Bg4) 18. Qh4+ f6 {[#]} 19. exf6+ $1 gxf6 20. Rc1 (20. O-O $16) 20... Rab8 21. O-O $1 Rxb2 22. Rfe1 Rg8 ({But not} 22... Rxa2 $6 23. Bf3 $16) 23. h3 Rxa2 (23... Be4 $14 24. Bf1 Rg7) 24. c6 $16 a5 {[#]} 25. Bf3 $1 {[%cal Rf3d5] Bxd5 is the strong threat.} Kf7 $2 {[%mdl 8192] [#]} (25... Ra3 $16 26. Kh1 Rd3) 26. Bxd5 $1 {[%mdl 512]} Bxh3 $2 (26... Rd2 $18) (26... exd5 27. Qh5+) 27. Qxh3 exd5 28. Qxh7+ Rg7 29. Qh5+ Rg6 30. Qxd5+ Kg7 {Precision: White = 80%, Black = 30%.} 1-0

[Event "2nd Sharjah Masters 2018"]
[Site "Sharjah"]
[Date "2018.04.12"]
[Round "1"]
[White "Artemiev, Vladislav"]
[Black "Zhu, Yilun"]
[Result "1-0"]
[WhiteElo "2701"]
[BlackElo "2195"]
[Annotator "TA"]
[PlyCount "73"]
[EventDate "2018.??.??"]
[EventType "swiss"]
[EventCountry "UAE"]
[SourceTitle "playchess.com"]
[Source "ChessBase"]
[SourceQuality "1"]

{[%evp 24,73,0,-7,-12,-14,-10,-24,0,0,0,0,6,6,7,7,22,7,7,8,34,9,39,21,24,25,22,22,22,22,64,64,84,82,77,81,84,68,97,108,107,72,110,123,150,150,150,142,242,225,973,922]} 1. Nf3 Nf6 2. g3 d5 3. Bg2 e6 4. O-O Be7 5. d3 O-O 6. Nbd2 c5 7. e4 Nc6 8. Re1 b5 {[%cal Bb7b5,Bb5b4][%mdl 32]} 9. a4 b4 10. exd5 {C00: French: Unusual White 2nd moves} exd5 11. d4 (11. Nb3 Bg4 12. h3 Bh5 13. g4 Bg6 14. Bf4 Rc8 15. Ne5 Nxe5 16. Bxe5 Bd6 17. Qd2 Bxe5 18. Rxe5 {1-0 (34) Karjakin,S (2783)-Meier,G (2630) chess.com INT 2017}) 11... cxd4 12. Nb3 Bg4 13. Nbxd4 {LiveBook: 3 Games} Nxd4 14. Qxd4 Rc8 15. Qd3 $146 ({Predecessor:} 15. Qxa7 Bc5 16. Qa6 Ne4 17. Be3 Bxe3 18. Rxe3 Rxc2 {0-1 (48) Siepelt,H (2319)-Kiriakov,P (2560) playchess.com INT 2004}) 15... Bc5 16. Be3 Bxe3 17. Rxe3 Bxf3 18. Bxf3 Qc7 19. Re2 (19. Rc1 {keeps more tension.} Rfd8 20. Ree1 a5 21. Red1 d4 22. Re1) 19... Rfe8 20. Rae1 Rxe2 21. Rxe2 Qd6 22. h4 Qd7 23. g4 Nxg4 24. Qxd5 Qxd5 25. Bxd5 $11 {[%mdl 4096] Endgame Threatens to win with Re7. KRB-KRN} Kf8 26. Bb3 a5 27. f3 Nf6 28. Re5 Ra8 29. Kf2 Nd7 30. Rh5 h6 31. Ke3 Ke7 32. Kd4 f6 33. f4 Kd6 34. Rd5+ Kc7 35. h5 Nb8 {[#]} (35... Nb6 $16 {was called for.}) 36. Rc5+ $1 $18 Nc6+ $2 {[#]} (36... Kd6 37. Bd5 Ra6) 37. Rxc6+ $1 {[%mdl 512] Precision: White = 74%, Black = 32%.} 1-0

[Event "2nd Sharjah Masters 2018"]
[Site "Sharjah"]
[Date "2018.04.12"]
[Round "1"]
[White "Amin, Bassem"]
[Black "Ma, Lin"]
[Result "1/2-1/2"]
[WhiteElo "2700"]
[BlackElo "2156"]
[Annotator "TA"]
[PlyCount "91"]
[EventDate "2018.??.??"]
[EventType "swiss"]
[EventCountry "UAE"]
[SourceTitle "playchess.com"]
[Source "ChessBase"]
[SourceQuality "1"]

{[%evp 18,91,0,-16,-21,-17,-15,-29,18,0,0,0,0,-8,-8,-8,-8,-8,-3,-39,-11,-11,-11,-11,-10,-10,-8,-12,-18,-12,-12,-14,-9,-51,-37,-35,12,0,0,-23,-23,-22,-9,-91,0,-4,-3,-3,-2,-2,0,-9,-8,-9,0,0,0,0,0,-4,-2,-8,0,0,0,0,0,0,0,0,0,0,0,-58,-58,-59]} 1. e4 c5 2. d3 d6 3. g3 g6 4. Bg2 Bg7 5. c3 Nc6 6. Nf3 Nf6 7. O-O O-O 8. Re1 Rb8 9. h3 {A05: Réti Opening: 1 Nf3 Nf6} b5 10. a3 {LiveBook: 3 Games} a5 11. d4 {The position is equal.} Nd7 12. Be3 $146 ({Find the theoretical novelty and annotate with similar games:} 12. Bg5 b4 13. axb4 axb4 14. Be3 bxc3 15. bxc3 Bb7 16. Nbd2 Qc7 {½-½ (47) Nakamura,H (2786)-Grigoriants,S (2576) chess.com INT 2017}) 12... b4 13. axb4 cxd4 14. Nxd4 Nxd4 15. Bxd4 axb4 16. Bxg7 Kxg7 17. Qd4+ Nf6 18. c4 Qb6 (18... e5 {NOTEXT} 19. Qe3 Be6 20. Nd2 Qc8 21. Kh2 Ra8) 19. Qxb6 Rxb6 20. Nd2 Nd7 21. Ra7 Ra6 22. Ra1 Rxa1+ 23. Rxa1 Nc5 24. Ra5 Bd7 25. Ra7 Rb8 26. e5 Rb6 27. Ne4 Rb7 28. Ra5 Nxe4 29. Bxe4 $11 {[%mdl 4096] Endgame KRB-KRB} Rc7 30. Bd5 (30. b3 $11) 30... Bxh3 ({Better is} 30... dxe5 $17 {aiming for ...e6.} 31. b3 Bxh3) 31. exd6 exd6 32. b3 Be6 {Threatening ...Rc5.} 33. Bf3 Rc5 34. Rb5 Kf6 {[#] Threatens to win with ...Rxb5.} 35. Rxb4 d5 36. cxd5 Bxd5 37. Rb6+ Ke5 38. b4 Rc1+ 39. Kg2 $1 Bxf3+ 40. Kxf3 {KR-KR} Rc3+ 41. Kg2 Rb3 42. b5 h5 43. Rb8 Kf5 44. b6 Kg4 45. b7 (45. Rf8 $11) 45... Rb2 $1 $15 46. Rc8 {Precision: White = 66%, Black = 61%.} 1/2-1/2

[Event "2nd Sharjah Masters 2018"]
[Site "Sharjah"]
[Date "2018.04.12"]
[Round "1"]
[White "Inarkiev, Ernesto"]
[Black "Sultan, Ibrahim"]
[Result "1-0"]
[WhiteElo "2680"]
[BlackElo "2141"]
[Annotator "TA"]
[PlyCount "47"]
[EventDate "2018.??.??"]
[EventType "swiss"]
[EventCountry "UAE"]
[SourceTitle "playchess.com"]
[Source "ChessBase"]
[SourceQuality "1"]

{[%evp 21,47,21,59,9,15,16,103,104,95,94,124,124,122,115,116,105,118,120,129,153,133,138,154,149,446,445,487,480]} 1. e4 e6 2. d4 d5 3. Nc3 Nf6 4. e5 Nfd7 5. f4 c5 6. Nf3 Nc6 7. Be3 cxd4 8. Nxd4 Bc5 9. Qd2 a6 10. O-O-O Bxd4 11. Bxd4 b5 {LiveBook: 19 Games. C11: French: Classical System: 4 e5 and 4 Bg5 dxe4} 12. Ne2 b4 13. f5 $146 ({Predecessor:} 13. Ng1 Qa5 14. Kb1 Nc5 15. Nf3 Rb8 16. Qe3 Na4 17. Ka1 Nxd4 18. Nxd4 Qb6 19. Be2 {0-1 (37) Tringov,G (2430)-Bogdanovski,V (2425) Prilep 1992}) 13... exf5 (13... Ndxe5 $11 {remains equal.} 14. Bxe5 Nxe5) 14. Nf4 $16 O-O 15. e6 Nf6 {aiming for ...Ne4.} 16. Bxf6 Qxf6 17. Qxd5 Bb7 18. exf7+ Kh8 19. Bc4 {Hoping for Rhe1.} Nd8 20. Qd6 $36 {[%mdl 2048] White has strong initiative.} Qxd6 21. Rxd6 Nxf7 22. Rd7 Nd8 $2 {[%mdl 8192] [#]} (22... Ne5 $16 23. Rxb7 Nxc4) 23. Re1 $1 $18 Bc6 {[#]} 24. Re3 $3 {[%mdl 512] Precision: White = 80%, Black = 33%.} 1-0

[Event "2nd Sharjah Masters 2018"]
[Site "Sharjah"]
[Date "2018.04.12"]
[Round "1"]
[White "Jones, Gawain C B"]
[Black "Nikhil Magizhnan"]
[Result "1-0"]
[WhiteElo "2675"]
[BlackElo "2105"]
[Annotator "TA"]
[PlyCount "91"]
[EventDate "2018.??.??"]
[EventType "swiss"]
[EventCountry "UAE"]
[SourceTitle "playchess.com"]
[Source "ChessBase"]
[SourceQuality "1"]

{[%evp 15,91,-2,-7,-10,-11,-87,-82,-75,-39,-41,35,26,33,20,33,-12,0,0,16,-37,-18,0,69,68,158,144,445,431,425,409,433,420,431,397,492,381,406,276,554,556,522,511,565,555,541,542,658,654,606,581,551,564,538,527,1035,891,1213,1183,1113,1077,6609,5732,4134,1641,29967,29968,12799,11025,29967,6111,5155,5061,29985,29986,29986,29987,29989,29990]} 1. c4 e6 2. g3 d5 3. Bg2 Nf6 4. Nf3 Be7 5. O-O O-O 6. b3 d4 7. e3 c5 {A14: English Opening: 1...e6 with b3 by White} 8. d3 (8. exd4 cxd4 9. d3 Nc6 10. Re1 Nd7 11. Ba3 e5 12. Bxe7 Qxe7 13. Nbd2 Nc5 14. Qe2 f6 15. Ne4 Ne6 16. a3 a5 17. Qc2 f5 18. Ned2 Nc5 {1-0 (34) Miroshnichenko,E (2606)-Lenderman,A (2611) chess.com INT 2018}) 8... Nc6 {LiveBook: 15 Games} 9. Re1 e5 {The position is equal.} 10. e4 (10. exd4 $11 exd4 11. Na3) 10... h6 $146 ({Predecessor:} 10... Nd7 11. Bh3 Re8 12. Kg2 Nf8 13. Ng1 a5 14. a4 Nb4 15. Na3 Bg5 {0-1 (34) Smirnov,L (2022)-Ketslakh,A (2226) St Petersburg 2007}) 11. Nh4 Nh7 12. Nf5 Bxf5 (12... Re8 $15) 13. exf5 $14 Qd7 14. Be4 Nf6 15. Qf3 (15. Bxc6 $5 bxc6 16. Qf3 $11) 15... Nxe4 16. Rxe4 Bf6 17. Qh5 (17. Re2 $11) 17... Nb4 18. Rg4 $1 {Hoping for Bxh6.} Kh7 (18... Nxd3 19. Bxh6 b6 {[#]} 20. Bxg7 $1 {[%mdl 512]} Bxg7 21. f6 Rfe8 22. Rxg7+ Kf8 23. Qh8#) (18... Bg5 $1 $11 19. Bxg5 Qxf5) 19. Nd2 {Black must now prevent Ne4.} Nxd3 ({Black should try} 19... Rac8 $1 $14) 20. Ne4 $16 {Bxh6! would kill now.} Qd8 $2 {[%mdl 8192]} (20... Qc6 $16 {is a better chance.}) 21. Bg5 $18 Bxg5 22. Nxg5+ Kg8 23. Ne4 {White wants to mate with Qxh6.} f6 24. Qxh6 {[%csl Gh6][%cal Rg4g7]} Qd7 25. a3 b5 26. cxb5 Rab8 $2 (26... Qe7 27. Kg2 Rab8) 27. Nxf6+ Rxf6 28. Qxf6 Rf8 29. Qe6+ Qxe6 30. fxe6 Nxf2 {[%mdl 4096] Endgame KRR-KRN} 31. Rh4 Nd3 32. Rd1 c4 33. bxc4 Nb2 34. Rf1 {Threatening mate with Rh8+!} Rxf1+ 35. Kxf1 {Threatens to win with c5.} Nxc4 {KR-KN} 36. Ke2 Kf8 37. Kd3 Nxa3 38. Re4 Nxb5 39. Rxe5 a6 40. e7+ Ke8 41. h4 {[%cal Bh2h4,Bh4h5,Bh5h6][%mdl 32]} Na7 42. Rg5 Nc6 43. Rxg7 a5 44. h5 {White mates.} Nxe7 45. h6 Kf8 {[#]} 46. Rxe7 $1 {[%mdl 512] Precision: White = 65%, Black = 27%.} 1-0

[Event "2nd Sharjah Masters 2018"]
[Site "Sharjah"]
[Date "2018.04.12"]
[Round "1"]
[White "Adhiban, B."]
[Black "Al Hosani, Omran"]
[Result "1-0"]
[WhiteElo "2661"]
[BlackElo "2101"]
[Annotator "TA"]
[PlyCount "81"]
[EventDate "2018.??.??"]
[EventType "swiss"]
[EventCountry "UAE"]
[SourceTitle "playchess.com"]
[Source "ChessBase"]
[SourceQuality "1"]

{[%evp 20,81,0,-11,64,58,90,94,159,154,151,143,211,223,232,226,287,190,256,199,247,233,306,227,246,233,230,222,220,207,207,207,207,207,207,199,229,227,333,329,315,231,397,399,402,390,415,411,538,527,603,591,595,567,568,602,606,591,712,700,719,717,662,639]} 1. Nf3 Nf6 2. c4 g6 3. Nc3 Bg7 4. g3 O-O 5. Bg2 d5 6. cxd5 Nxd5 7. h4 h6 8. O-O {A16: English Opening: 1...Nf6 with ...d5} c5 9. d3 Nc6 10. Nxd5 Qxd5 11. Be3 {LiveBook: 4 Games} Qd6 $146 (11... Qh5 $1 $11) ({Find the theoretical novelty and annotate with similar games:} 11... Qh5 12. Rc1 b6 13. d4 Rd8 14. Nd2 cxd4 {½-½ (40) Radjabov,T (2733)-Svidler,P (2746) Tromsoe 2013}) 12. Qc1 $14 Qf6 13. Bxh6 Bxh6 ({Black should play} 13... b6) 14. Qxh6 $16 Qxb2 15. Rac1 $40 {[%mdl 128] White is out for blood.} Nd4 (15... Qg7 $16 {keeps fighting.} 16. Qxg7+ Kxg7 17. Rxc5 Be6) 16. Rxc5 Nxe2+ 17. Kh2 {[#] Re5 is the strong threat.} Bg4 18. Ng5 {[%csl Gg5][%cal Rh6h7]} Qg7 (18... Qh8 $142 19. Qxh8+ Kxh8) 19. Qxg7+ $18 Kxg7 20. Re1 ({But not} 20. Bxb7 $6 Rae8) 20... Nd4 21. Rxe7 Rae8 22. Rxe8 Rxe8 23. Rc7 ({Don't play} 23. Bxb7 Re7) 23... Be6 24. Rxb7 Bxa2 25. Rd7 Nb5 {[#]} 26. Bd5 $1 Bxd5 27. Rxd5 {[%mdl 4096] Endgame KRN-KRN} Nc3 28. Rd7 a5 (28... Ra8 $142 29. Rxf7+ Kh8) 29. Rxf7+ Kg8 30. Rc7 Nb5 $2 (30... Nd1 31. Ne4 Rd8) 31. Rc6 Kg7 32. Ra6 Re2 33. Kg2 Ra2 34. Ne6+ {White is clearly winning.} Kf7 35. Nf4 a4 36. Nxg6 a3 37. Ra5 Rb2 38. Ne5+ Ke6 39. Nc4 Rb3 40. h5 Kf6 41. g4 {Precision: White = 83%, Black = 36%.} 1-0

[Event "2nd Sharjah Masters 2018"]
[Site "Sharjah"]
[Date "2018.04.12"]
[Round "1"]
[White "Kovalev, Vladislav"]
[Black "Al-Zaabi, Sultan"]
[Result "1-0"]
[WhiteElo "2648"]
[BlackElo "2061"]
[Annotator "TA"]
[PlyCount "127"]
[EventDate "2018.??.??"]
[EventType "swiss"]
[EventCountry "UAE"]
[SourceTitle "playchess.com"]
[Source "ChessBase"]
[SourceQuality "1"]

{[%evp 10,127,31,16,33,27,13,20,44,44,35,25,27,33,35,14,13,5,7,-1,83,90,82,0,0,0,26,-9,50,54,37,27,87,70,77,45,85,7,85,73,99,88,85,96,116,114,109,122,137,0,41,0,0,0,0,0,0,-18,77,81,79,74,79,62,94,70,90,81,79,69,148,0,170,168,167,166,171,167,166,166,208,186,225,218,209,201,223,218,356,351,386,289,512,497,708,685,29979,29980,29982,29979,29983,29968,29984,29985,29985,29986,29988,29985,29985,29986,29986,29987,29987,29988,29988,29989,29989,29990,29990,29991]} 1. d4 Nf6 2. Bf4 c5 3. d5 d6 4. Nc3 g6 (4... e5 5. Bd2 Bf5 6. h3 Nbd7 7. g4 Be4 8. f3 Bg6 9. e4 a6 10. a4 Be7 {0-1 (35) Vachier Lagrave,M (2795)-Grischuk,A (2750) chess.com INT 2017}) 5. e4 Bg7 6. Bb5+ {LiveBook: 3 Games. A45: Trompowsky Attack} Nbd7 7. a4 a6 $146 ({Predecessor:} 7... O-O 8. Nf3 Ne8 9. O-O Nc7 10. Bc4 a6 {½-½ (21) Gauri,S (2348)-Martin Del Campo C,R (2360) Charlotte 2017}) 8. Bc4 {The position is equal.} Qa5 {[#] White must now prevent ...Nxe4.} 9. Bd2 $1 O-O 10. f4 Qb4 11. b3 Qa5 12. Nf3 Ng4 13. Ne2 Qc7 14. Ra2 b6 (14... Rb8 $11) 15. h3 $36 {[%mdl 2048] White has strong initiative.} Ngf6 16. Nc3 (16. Ng3 $16) 16... Nh5 $11 17. Ne2 Rb8 18. Bd3 e6 (18... c4 $11 19. Bxc4 Nc5) 19. c4 $14 exd5 20. exd5 Nhf6 (20... Re8 $11) 21. O-O $16 b5 22. Qc2 {[%cal Ra4b5]} ({Much weaker is} 22. cxb5 Qa7 $15) 22... Bb7 23. g4 (23. f5 $16) 23... Nxd5 (23... bxc4 $11 24. bxc4 Rfe8) 24. cxd5 Bxd5 {[#] aiming for ...bxa4.} 25. axb5 $1 axb5 26. Bc3 Qc6 27. Bxg7 Kxg7 28. Nd2 Rfe8 29. Kf2 ({White should try} 29. Kh2 $16) 29... Kg8 {With the idea ...c4!} 30. Qc3 Qb6 31. Qa5 Qc6 {Strongly threatening ...Ra8.} 32. Qa6 {Qxc6 is the strong threat.} Rb6 33. Qa3 c4 (33... Qc7 $11) 34. bxc4 bxc4 35. Nd4 Qc7 36. Rc2 {[%cal Rd3c4]} Ra8 ({Don't go for} 36... Qd8 $2 37. Bxc4 Rb4 38. Kg3 $18 (38. Qxb4 $2 {is a self mate.} Qh4+ 39. Kg1 Qg3#)) 37. Qc3 {[%cal Rd2c4]} Qc5 38. Nxc4 Rb4 39. Kg3 {Hoping for Nb3.} Rc8 (39... Raa4 $14) 40. Nb3 ({Only move:} 40. Rfc1 $16) 40... Rxc4 $2 (40... Qb5 $1 $11 41. Nba5 Nc5) 41. Bxc4 $18 Qxc4 42. Qxc4 Rxc4 43. Rxc4 Bxc4 $11 {[%mdl 4096] Endgame KRN-KBN} 44. Rb1 d5 45. Nd4 Nf6 46. Rb8+ Kg7 47. Rb7 {And now Ne6+ would win.} Kg8 48. Kf3 h5 (48... h6 {was worth a try.} 49. Nc6 d4 50. Rb8+ Kg7) 49. g5 $18 Ne4 50. h4 Bd3 $2 (50... Nc5 {keeps fighting.}) 51. Ke3 Bc4 (51... Ba6 $142) 52. f5 {[%cal Bf4f5,Bf5f6][%mdl 32]} Nd6 53. Rb8+ {White mates.} Kg7 54. f6+ Kh7 55. Rf8 Ba2 56. Kf4 Bb1 57. Rd8 Nf5 58. Nxf5 Bxf5 59. Rxd5 {KR-KB} Be6 60. Rd8 Ba2 61. Ke5 Bc4 62. Kd6 Bd5 63. Ke7 Be6 64. Rf8 {Precision: White = 74%, Black = 27%.} 1-0

[Event "2nd Sharjah Masters 2018"]
[Site "Sharjah"]
[Date "2018.04.12"]
[Round "1"]
[White "Sethuraman, S P"]
[Black "Balasubramaniam H"]
[Result "1-0"]
[WhiteElo "2631"]
[BlackElo "2060"]
[Annotator "TA"]
[PlyCount "97"]
[EventDate "2018.??.??"]
[EventType "swiss"]
[EventCountry "UAE"]
[SourceTitle "playchess.com"]
[Source "ChessBase"]
[SourceQuality "1"]

{[%evp 24,97,112,81,85,67,135,150,145,106,110,94,83,73,120,109,126,41,36,0,25,11,83,90,106,81,91,81,89,81,90,81,84,88,239,229,230,243,412,357,336,283,320,309,339,333,337,329,316,300,334,335,355,337,433,433,529,526,655,657,637,643,785,821,764,721,852,802,1456,1419,29979,29972,29984,29985,6295,5585]} 1. e4 d6 2. d4 Nf6 3. f3 e5 4. d5 g6 5. Bd3 Bg7 6. c4 O-O 7. Bg5 h6 8. Be3 Nh5 9. Qd2 Nf4 10. Bf1 Kh7 11. Nc3 Nh5 12. O-O-O Nd7 13. Bd3 {LiveBook: 3 Games. E81: King's Indian: Sämisch: 6th move deviations (including 6 Be3 c6)} Nc5 14. Bc2 f5 $146 (14... a6 $14) ({Predecessor:} 14... a5 15. Nge2 f5 16. exf5 Bxf5 17. Ng3 Bxc2 18. Qxc2 Qh4 19. Nxh5 Qxh5 20. Bxc5 dxc5 {1-0 (35) Petursson,M (2510)-Frois,A (2270) Dubai 1986}) 15. exf5 $16 {White is clearly better.} Bxf5 16. Bxf5 gxf5 17. Nge2 Qh4 18. Qc2 Kh8 19. Ng3 f4 20. Nxh5 ({White should try} 20. Bxc5 $16 {Hoping for Nxh5.} fxg3 21. hxg3 Qg5+ 22. Qd2 Qxd2+ 23. Kxd2 Nxg3 24. Rh3) 20... fxe3 $14 21. Qg6 {[%csl Gh5][%cal Rg6g7] [#]} Rg8 $1 (21... Qg5 22. Qxg7+ Qxg7 23. Nxg7 $16) 22. g3 $40 {[%mdl 128] White attacks.} Qg5 (22... Qh3 $1 $11) 23. Qxg5 $16 hxg5 24. Rhe1 g4 25. Nxg7 Rxg7 26. Rxe3 Rf8 27. fxg4 Rxg4 28. b3 Rd4 $2 {[#]} (28... a5 $16 {is a better defense.}) 29. Nb5 $1 $18 {[%cal Rb5d4]} Rxd1+ 30. Kxd1 {[%mdl 4096] Endgame KRN-KRN} e4 $2 (30... a6) 31. Ke2 Rf7 32. Nc3 Rh7 33. h4 ({Less strong is} 33. Nxe4 Rxh2+ 34. Nf2 a5 $16) 33... Re7 34. b4 Nd3 35. a3 ({Much less strong is} 35. Nxe4 Nxb4 36. Ng5 Rxe3+ 37. Kxe3 a5 $18) ({Weaker is} 35. Rxe4 Rxe4+ 36. Nxe4 Nxb4 $18) 35... Ne5 36. Rxe4 Rg7 37. Kf2 Kh7 38. Ne2 Kg6 39. g4 {[%cal Bg3g4,Bg4g5][%mdl 32]} Rh7 40. Kg3 Rg7 41. Nf4+ Kh7 42. g5 Kg8 43. Nh5 Rf7 44. Nf6+ Kf8 45. h5 {[%cal Bh4h5,Bh5h6][%mdl 32]} Rg7 46. Kf4 Kf7 47. Kf5 Kf8 48. h6 Re7 49. g6 {Precision: White = 65%, Black = 27%.} 1-0

[Event "2nd Sharjah Masters 2018"]
[Site "Sharjah"]
[Date "2018.04.12"]
[Round "1"]
[White "Jumabayev, Rinat"]
[Black "Gagare, Shalmali"]
[Result "1-0"]
[WhiteElo "2612"]
[BlackElo "2039"]
[Annotator "TA"]
[PlyCount "85"]
[EventDate "2018.??.??"]
[EventType "swiss"]
[EventCountry "UAE"]
[SourceTitle "playchess.com"]
[Source "ChessBase"]
[SourceQuality "1"]

{[%evp 10,85,16,9,29,32,29,34,37,37,37,44,31,16,39,31,28,-20,0,-34,-29,-62,14,10,35,33,95,87,106,110,124,109,128,120,120,127,121,116,195,199,199,196,192,191,447,449,445,416,29964,29965,29974,29974,29973,29975,29975,29976,29976,29976,29978,29979,29979,29979,29980,29980,29983,29984,29985,29986,29988,29989,29989,29990,29991,29992,29993,29994,29995,29995]} 1. e4 e6 2. d4 d5 3. Nd2 c5 4. Ngf3 cxd4 5. Nxd4 Nf6 6. exd5 {LiveBook: 351 Games. C07: French Tarrasch: 3...c5, 4 Ngf3 and 4 exd5 Qxd5} exd5 (6... Qxd5 7. Nb5 Qd8 8. Bd3 a6 9. Nc3 Nc6 10. O-O Ne5 11. Be2 b5 12. Nf3 Qxd1 13. Rxd1 Nc6 14. Bf4 Bb7 {0-1 (53) Vachier Lagrave,M (2796)-Caruana,F (2808) Paris 2017}) 7. Bb5+ Bd7 8. Qe2+ {White has an edge.} Qe7 9. O-O {Hoping for Qd1.} Qxe2 10. Bxe2 Nc6 11. Nb5 $146 {aiming for Nc7+.} ({Predecessor:} 11. N2b3 Be7 12. Re1 O-O 13. Nxc6 bxc6 14. Bg4 Bxg4 15. Rxe7 Rae8 16. Rxe8 Rxe8 17. Be3 a6 18. Re1 Nd7 19. Bd2 Rxe1+ 20. Bxe1 {½-½ (20) Mallol Descarrega,A (1823)-Company Codina,A (1914) Llinars del Valles 2015}) 11... O-O-O 12. Nb3 a6 13. Nc3 {[%cal Bb5c3,Bc3a4,Ba4c5][%mdl 32]} Bf5 14. Bd1 d4 15. Na4 Nb4 (15... Nd7 $15 16. Bf3 Nde5) 16. Bf4 $36 {[%cal Ra4b6][%mdl 2048] White has good play.} b5 17. Nac5 Rd5 {[#]} ({Black should try} 17... Bxc5 $1 $14 18. Nxc5 Rhe8) 18. a3 $1 $16 {[%cal Ra3b4]} Bxc5 19. axb4 Bxb4 20. Rxa6 {Threatens to win with Ra8+.} Kb7 {[#]} 21. Rxf6 $1 gxf6 22. Bf3 $1 {[%csl LRd4,LRd5]} Rhd8 23. Nxd4 $1 Kb6 (23... Bg4 $16 {was worth a try.}) 24. Bxd5 $18 Rxd5 25. Nxf5 Rxf5 {[%mdl 4096] Endgame KRB-KRB} 26. Be3+ Bc5 $2 (26... Kc6 27. Ra1 Kd7 28. Ra7+ Ke6 29. Ra6+ Ke7) 27. b4 Bxe3 28. fxe3 Rxf1+ (28... Rh5 $18 29. Rxf6+ Kb7) 29. Kxf1 {KP-KP. White mates.} f5 30. Ke2 Kc6 31. Kd3 Kd5 32. h3 {[%cal Bh2h3,Bh3h4][%mdl 32]} h6 33. h4 h5 34. c3 f6 35. g3 Ke5 36. c4 bxc4+ 37. Kxc4 Ke4 38. b5 Kxe3 39. b6 Kf3 40. b7 Kxg3 41. b8=Q+ Kg2 42. Qf4 Kh1 43. Kd3 {Precision: White = 86%, Black = 30%.} 1-0